Nuevos Cuentos Andinos / (Record no. 13664)

000 -CABECERA
fixed length control field 00767nam a22002297a 4500
003 - IDENTIFICADOR DEL NÚMERO DE CONTROL
control field AR-CdUCM
008 - DATOS DE LONGITUD FIJA--INFORMACIÓN GENERAL
fixed length control field 190410b ||||| |||| 00| 0 spa d
040 ## - FUENTE DE LA CATALOGACIÓN
Agencia/entidad que catalogó originalmente la obra MUNICIPALIDAD PROVINCIAL DEL CUSCO
Entidad que transcribió la catalogación BIBLIOTECA MUNICIPAL DEL CUSCO
082 ## - NÚMERO DE LA CLASIFICACIÓN DECIMAL DEWEY
No. de Clasificación ES / 373.869 /
Notacion interna L86
100 ## - ENTRADA PRINCIPAL--NOMBRE DE PERSONA
Nombre Personal Lopez Albujar, Enrique
245 ## - MENCIÓN DE TÍTULO
Título Nuevos Cuentos Andinos /
260 ## - PUBLICACIÓN, DISTRIBUCIÓN, ETC.
Lugar de publicación, distribución, etc. Lima :
Nombre de la editorial, distribuidor, etc. Populibros Peruanos,
300 ## - DESCRIPCIÓN FÍSICA
Nº de Páginas Extensión 125 paginas ;
Dimensiones 16 cm.
505 ## - NOTA DE CONTENIDO CON FORMATO
Nota de contenido formateada Contenido: El blanco -- como se hizo pishtaco alixto -- el trompiezo -- juan rabines no perdona -- una posesion judicial...
650 ## - PUNTO DE ACCESO ADICIONAL DE MATERIA--TÉRMINO DE MATERIA
Descriptor Cuentos
9 (RLIN) 217
650 ## - PUNTO DE ACCESO ADICIONAL DE MATERIA--TÉRMINO DE MATERIA
Descriptor Andinos
9 (RLIN) 30905
650 ## - PUNTO DE ACCESO ADICIONAL DE MATERIA--TÉRMINO DE MATERIA
Descriptor Literatura
9 (RLIN) 83
650 ## - PUNTO DE ACCESO ADICIONAL DE MATERIA--TÉRMINO DE MATERIA
Descriptor Perú
9 (RLIN) 35
942 ## - ELEMENTOS DE PUNTO DE ACCESO ADICIONAL (KOHA)
Fuente de clasificación
Tipo de item Libros-BMC
945 ## - PROCESAMIENTO DE INFORMACIÓN LOCAL (OCLC)
Catalogador pjha
AAAA-MM-DD - Fecha de ingreso o modificacion 2019-04-15
Holdings
Estado de retiro (separado) Fuente de clasificación o esquema de estanterías Estado dañado Ubicación Sala donde se ubica Nombre de la colección Fecha de adquisición o compra Costo, precio normal en soles Signatura topográfica Código de Barras Última vez visto (Koha) Tipo de ítem (Koha)
No     Sala de Infantes Sala de Infantes Children's Area 2019-04-16 10.00 ES / 373.869 / L86 SI00001968 2019-04-16 Libros-BMC
No     Sala de Infantes Sala de Infantes Children's Area 2019-04-16 10.00 ES / 373.869 / L86 / e.2 SI00001974 2019-04-16 Libros-BMC
No     Sala de Infantes Sala de Infantes Children's Area 2019-04-16 10.00 ES / 373.869 / L86 / e.3 SI00001976 2019-04-16 Libros-BMC

Powered by Koha